| 000 -LEADER |
| fixed length control field |
00947nam a2200241Ia 4500 |
| 001 - CONTROL NUMBER |
| control field |
401 |
| 003 - CONTROL NUMBER IDENTIFIER |
| control field |
GE_BSU |
| 008 - FIXED-LENGTH DATA ELEMENTS--GENERAL INFORMATION |
| fixed length control field |
181216s||||||||xx |||||||||||||| ||und|| |
| 020 ## - INTERNATIONAL STANDARD BOOK NUMBER |
| International Standard Book Number |
9994061194 |
| 040 ## - CATALOGING SOURCE |
| Transcribing agency |
GE_BSU |
| 080 ## - UNIVERSAL DECIMAL CLASSIFICATION NUMBER |
| Universal Decimal Classification number |
91(479.22) |
| 245 ## - TITLE STATEMENT |
| Title |
შრომათა კრებული.ახალი სერია N1(80) |
| 245 ## - TITLE STATEMENT |
| Remainder of title |
ვახუშტიბაგრატიონის გეოგრაფიის ინსტიტუტი. ეძღვნება პროფესორ დავით წერეთლის 100 წლის საიუბილეო თარიღს |
| 245 ## - TITLE STATEMENT |
| Statement of responsibility, etc. |
მთ.რედ. ზ.ტატაშიძე |
| 260 ## - PUBLICATION, DISTRIBUTION, ETC. |
| Place of publication, distribution, etc. |
თბილისი |
| 260 ## - PUBLICATION, DISTRIBUTION, ETC. |
| Name of publisher, distributor, etc. |
უნივერსალი |
| 260 ## - PUBLICATION, DISTRIBUTION, ETC. |
| Date of publication, distribution, etc. |
2006 |
| 300 ## - PHYSICAL DESCRIPTION |
| Extent |
528გვ. |
| 653 ## - INDEX TERM--UNCONTROLLED |
| Uncontrolled term |
გეოგრაფია |
| 653 ## - INDEX TERM--UNCONTROLLED |
| Uncontrolled term |
შრომათა კრებული |
| 942 ## - ADDED ENTRY ELEMENTS (KOHA) |
| Koha item type |
წიგნი |